Σχεδίασμα για τη μελέτη των οικονομικών και κοινωνικών σχηματισμών στο Κρανίδι (1821-1981)
Αποθηκεύτηκε σε:
| Κύριος συγγραφέας: | |
|---|---|
| Μορφή: | Βιβλίο |
| Γλώσσα: | Greek |
| Δημοσίευση: |
Αθήνα :
Εθνικό Κέντρο Κοινωνικών Ερευνών,
1985.
|
| Θέματα: | |
| Ετικέτες: |
Προσθήκη ετικέτας
Δεν υπάρχουν, Καταχωρήστε ετικέτα πρώτοι!
|
MARC
| LEADER | 00000cam a2200000 a 4500 | ||
|---|---|---|---|
| 001 | 1/121490 | ||
| 008 | 200604s1985####gr |||||||||||||| ||gre|| | ||
| 040 | |a GR-MyUa |b gre |c GR-MyUa |e AACR2 | ||
| 041 | 0 | |a gre | |
| 082 | 7 | |a 306.30949522 |2 (23) | |
| 100 | 1 | |a Πετρονώτη, Μαρίνα, |d 1952- . | |
| 245 | 1 | 0 | |a Σχεδίασμα για τη μελέτη των οικονομικών και κοινωνικών σχηματισμών στο Κρανίδι (1821-1981) |h [ανάτυπο] / |c Μαρίνα Πετρονώτη. |
| 260 | |a Αθήνα : |b Εθνικό Κέντρο Κοινωνικών Ερευνών, |c 1985. | ||
| 300 | |a 63-82 σ. ; |c 24 εκ. | ||
| 500 | |a Ανάτυπο από το περιοδικό Επιθεώρηση Κοινωνικών Ερευνών, τεύχος 57, 1985. | ||
| 651 | 0 | |a Argolis (Greece) |x Economic conditions. | |
| 651 | 0 | |a Argolis (Greece) |x Social conditions. | |
| 852 | |a INST |b LESVOS |e 20200604 |h 306.30949522 ΠΕΤ |p 005100062401 |q 005100062401 |t BK |y 0 | ||
| 920 | |a Εθνικό Κέντρο Κοινωνικών Ερευνών |y Λέσβος |z 2004-06 | ||
| 970 | |a Καμάτσου |b Δέσποινα |z 04-06-2020 | ||